| 000 | | | 03998nac2a22002891x 450 |
| 001 | | | e8a34ceb-c012-4a64-8363-62470c511245 |
| 005 | | | 20131118125054.0 |
| 100 | ## | $a | 20130717l19061908k y0rusy50 ca |
| 101 | 0# | $a | rus |
| 102 | ## | $a | RU |
| 105 | ## | $a | y z ||||| |
| 200 | 1# | $a | Восторгов Иоанн, протоиерей |
| | $j | 26 октября 1906 - 28 ноября 1908 |
| 215 | ## | $a | 26 листов |
| 251 | ## | $c | Дело |
| 300 | ## | $a | Заголовок дела на папке: Письма Восторгова Иоанна, протоиерея, Никольскому Б. Вл. |
| 300 | ## | $a | 11 писем |
| 300 | ## | $a | В деле имеется газета |
| 300 | ## | $a | Рукописный и машинописный текст |
| 330 | ## | $a | А. Переписка; 1. Письма к Б. В. Никольскому |
| 461 | #0 | $1 | 0011c5950b4-9b17-43ad-92f1-e565a07ae223 |
| | $1 | 2001 |
| | $a | Никольский Борис Владимирович, историк права, профессор Юрьевского и Петербургского университетов, один из руководителей главного совета "Русского собрания", поэт, критик |
| | $1 | 251 |
| | $c | Фонд |
| | $1 | 852 |
| | $j | 588 |
| 462 | #0 | $1 | 001855f2cb0-80f8-42f6-88fa-41bf4837b2b7 |
| | $1 | 2001 |
| | $a | Никольский Борис Владимирович. 1837-1919 гг. |
| | $1 | 251 |
| | $c | Опись |
| | $1 | 852 |
| | $j | 1 |
| 517 | ## | $a | Письма Восторгова Иоанна, протоиерея, Никольскому Б. Вл. |
| 600 | #1 | $a | Никольский |
| | $b | Б. В. |
| | $g | Борис Владимирович |
| 600 | #1 | $a | Восторгов |
| | $b | И. И. |
| | $c | протоиерей |
| | $g | Иоанн Иоаннович |
| 801 | #0 | $a | RU |
| | $b | GA_RF |
| 801 | #1 | $a | RU |
| | $b | НПО Опыт |
| | $c | 20130717 |
| | $2 | rusmarc |
| 801 | #2 | $a | RU |
| | $b | ПБ им. Б.Н. Ельцина |
| | $c | 20131118 |
| | $g | RCR |
| | $2 | rusmarc |
| 852 | ## | $a | ГА РФ |
| | $j | 155 |
| 937 | ## | $d | 41737855 |
| | $h | ПБ |
| 035 | ## | $a | RuPRLIB51008604 |